Nghiên cứu phong cách lãnh đạo, văn hóa tổ chức và hiệu quả tài chính: trường hợp các doanh nghiệp nhỏ và vừa tại Sóc Trăng : Luận văn thạc sĩ kinh tế ngành: Quản trị Kinh doanh
Nội dung luận văn giới thiệu cơ sở lý luận và phương pháp nghiên cứu. Thực trạng phong cách lãnh đạo và văn hóa tổ chức của các doanh nghiệp nhỏ và vừa tại tỉnh Sóc Trăng. Kết luận và kiến nghị....
Wedi'i Gadw mewn:
| Prif Awdur: | |
|---|---|
| Fformat: | Llyfr |
| Iaith: | Undetermined |
| Cyhoeddwyd: |
Cần Thơ
Trường Đại học Cần Thơ
2018
|
| Pynciau: | |
| Tagiau: |
Ychwanegu Tag
Dim Tagiau, Byddwch y cyntaf i dagio'r cofnod hwn!
|
| Thư viện lưu trữ: | Trung tâm Học liệu Trường Đại học Cần Thơ |
|---|
| LEADER | 01266nam a2200241Ia 4500 | ||
|---|---|---|---|
| 001 | CTU_228124 | ||
| 008 | 210402s9999 xx 000 0 und d | ||
| 082 | |a 658.402 | ||
| 082 | |b B108 | ||
| 088 | |a 8340101 | ||
| 100 | |a Phạm, Thái Bảo | ||
| 245 | 0 | |a Nghiên cứu phong cách lãnh đạo, văn hóa tổ chức và hiệu quả tài chính: trường hợp các doanh nghiệp nhỏ và vừa tại Sóc Trăng : | |
| 245 | 0 | |b Luận văn thạc sĩ kinh tế ngành: Quản trị Kinh doanh | |
| 245 | 0 | |c Phạm Thái Bảo ; Phan Anh Tú (cán bộ hướng dẫn) | |
| 260 | |a Cần Thơ | ||
| 260 | |b Trường Đại học Cần Thơ | ||
| 260 | |c 2018 | ||
| 520 | |a Nội dung luận văn giới thiệu cơ sở lý luận và phương pháp nghiên cứu. Thực trạng phong cách lãnh đạo và văn hóa tổ chức của các doanh nghiệp nhỏ và vừa tại tỉnh Sóc Trăng. Kết luận và kiến nghị. | ||
| 650 | |a Kinh doanh thông minh,Business intelligence | ||
| 650 | |x Quản trị,Management | ||
| 650 | |z Việt Nam,Vietnam | ||
| 910 | |b dqhieu | ||
| 980 | |a Trung tâm Học liệu Trường Đại học Cần Thơ | ||